000 01088nam0a22003251 4500
001 v19\rc\1288235
005 20250618013211.0
035 _a(NLR Aleph) 004436616
090 _a4343159
_c4343159
100 _a20060306d1852 |||y0rusy50 ca
101 1 _arus
_cfre
102 _aRU
105 _ay z |||a|
200 1 _aФранциска Пленвиль
_eРоман [в 4 ч.]
_f[Соч.] Камиллы Боден
_gПер. с фр. Е.Б.
210 _aМосква
_cтип. Степановой
_d1852
215 _a821 с. разд. паг.
_d17
309 _aКаждая часть имеет самостоят. тит. л. и паг.
700 1 _7ca
_8rus
_aБоден
_bК.
_f1792-1851
_gКамилла
_9152974
_3RU\NLR\AUTH\770153012
702 0 _aЕ. Б.
_4730
801 0 _aRU
_bNLR
_gpsbo
801 0 _aRU
_bRuMoRGB
_2psbo
801 1 _aRU
_bProSoft-M
_2rusmarc
852 _aNLR
_j18.263.5.24
899 _aRuMoRGB
_jV 27/964
899 _aRuMoRGB
_jU 267/19
899 _aRuMoRGB
_jU 353/158 (ч. 1-3)
899 _aБАН
942 _cBOOK
980 _aNB